Loading...
| History - European | 0 | 3 | 0 | 1 | 30 | 49 | 60.67 | 1 | 2 | 14.50 | 18.18 |
| Religion | 0 | 3 | 0 | 0 | 30 | 84 | 90.33 | 0 | 1 | 8.20 | 17.27 |
| History - World | 0 | 2 | 0 | 0 | 20 | 26 | 36.00 | 1 | 2 | 13.25 | 17.27 |
| History - Other | 0 | 2 | 1 | 0 | 15 | 100 | 107.50 | 0 | 0 | 2.75 | 9.09 |
| History - American | 0 | 1 | 0 | 1 | 10 | 135 | 135.00 | 0 | 0 | -0.14 | 0.91 |
| Geography | 0 | 1 | 0 | 0 | 10 | 48 | 48.00 | 0 | 1 | 20.63 | 26.67 |
| Current Events | 0 | 1 | 0 | 1 | 10 | 136 | 136.00 | 0 | 0 | 0.00 | 6.67 |
| Literature - World | 0 | 1 | 0 | 1 | 10 | 138 | 138.00 | 0 | 0 | 0.00 | 0.91 |
| Mythology | 0 | 1 | 0 | 1 | 10 | 148 | 148.00 | 0 | 0 | 0.00 | 2.73 |
| Social Science | 0 | 1 | 1 | 0 | 5 | 101 | 101.00 | 0 | 0 | 1.56 | 5.45 |
| Philosophy | 0 | 0 | 0 | 0 | 0 | 0.00 | 0 | 0 | 0.00 | 0.00 | |
| Literature - British | 0 | 0 | 0 | 0 | 0 | 0.00 | 0 | 0 | 0.00 | 0.00 |